[Event "Guernsey Holiday"]
[Site "GCI"]
[Date "2005.10.20"]
[Round "5"]
[White "Le Maitre, Richard"]
[Black "Brown, Jim"]
[Result "1/2-1/2"]
[WhiteElo "1420"]
[BlackElo "1192"]
[PlyCount "75"]
[EventDate "2005.10.16"]

1. d4 d6 2. c4 c6 3. Nc3 Nd7 4. Nf3 e5 5. e3 Be7 6. dxe5 dxe5 7. b3 Ngf6 8. Be2
O-O 9. Bd3 h6 10. e4 Re8 11. O-O Bf8 12. Re1 a6 13. Ne2 Nh7 14. Ng3 Ndf6 15.
Nh4 g6 16. Nf3 Ng4 17. h3 Ngf6 18. Nf1 Nd7 19. Bb2 Bg7 20. b4 b6 21. Ne3 Nhf8
22. a4 Bb7 23. Qc2 Ne6 24. Red1 Qc7 25. Bf1 Red8 26. Rd2 a5 27. b5 c5 28. Nd5
Bxd5 29. exd5 Nd4 30. Nxd4 exd4 31. Bd3 Ne5 32. Re1 Re8 33. Rde2 Qd7 34. Bc1
Nxd3 35. Qxd3 Rxe2 36. Rxe2 Re8 37. Re4 Rxe4 38. Qxe4 1/2-1/2

[Event "Guernsey Holiday"]
[Site "GCI"]
[Date "2005.10.20"]
[Round "5"]
[White "Herschmann, Heinz"]
[Black "Holcombe, Charles"]
[Result "1-0"]
[WhiteElo "1328"]
[BlackElo "1368"]
[PlyCount "141"]
[EventDate "2005.10.16"]

1. e4 e5 2. Nf3 Nc6 3. d4 exd4 4. Nxd4 Ne5 5. Bf4 Bd6 6. Nf5 Qf6 7. Nxd6+ cxd6
8. Bg3 Ne7 9. Nd2 O-O 10. c3 N7c6 11. Be2 b6 12. O-O Qe7 13. f3 Bb7 14. Nc4
Nxc4 15. Bxc4 Ne5 16. Bd5 Bc6 17. Re1 Rae8 18. Qd4 Bxd5 19. Qxd5 Qe6 20. Rad1
Qxd5 21. Rxd5 Nc4 22. b3 Ne5 23. Rxd6 f6 24. Bxe5 Rxe5 25. Rxd7 Ra5 26. Re2 Re8
27. Kf2 Kf8 28. Red2 Re7 29. Rxe7 Kxe7 30. Ke3 g5 31. a4 Rc5 32. c4 h5 33. Rd5
Rc8 34. h3 Ke6 35. Kd4 Re8 36. e5 Kf5 37. exf6+ Kxf6 38. Rd6+ Kf5 39. g4+ hxg4
40. hxg4+ Kf4 41. Rf6+ Kg3 42. Rf5 Rd8+ 43. Rd5 Rg8 44. Rf5 Rd8+ 45. Kc3 Kh4
46. Kb4 Rd3 47. Ka3 a5 48. Kb2 Re3 49. Rf6 Re2+ 50. Kc3 Re3+ 51. Kc2 Kg3 52.
Rxb6 Kxf3 53. Rb5 Kxg4 54. Rxa5 Kf4 55. Ra8 g4 56. Rg8 g3 57. b4 Kf3 58. c5 g2
59. Rxg2 Kxg2 60. c6 Re7 61. b5 Rc7 62. Kc3 Kf3 63. Kb4 Ke4 64. Kc5 Ke5 65. b6
Rc8 66. b7 Rd8 67. c7 Rd5+ 68. Kb6 Rd6+ 69. Ka7 Rd5 70. c8=Q Ra5+ 71. Kb6 1-0

[Event "Guernsey Holiday"]
[Site "GCI"]
[Date "2005.10.21"]
[Round "6"]
[White "Carlucci, Paul A"]
[Black "Kershaw, Graham J"]
[Result "0-1"]
[WhiteElo "1744"]
[BlackElo "1552"]
[PlyCount "68"]
[EventDate "2005.10.16"]

1. d4 Nf6 2. Nf3 e6 3. e3 d5 4. Be2 c5 5. O-O Nc6 6. b3 Bd6 7. Bb2 O-O 8. Nbd2
Re8 9. Ne5 Ne7 10. f4 Nf5 11. Rf3 Bxe5 12. fxe5 Ng4 13. Nf1 Qg5 14. Bc1 Qh4 15.
h3 Ngh6 16. Bd2 Kh8 17. Bd3 Rg8 18. Rf4 Qd8 19. g4 Nh4 20. Qe1 Ng6 21. Rf3 f5
22. exf6 gxf6 23. dxc5 f5 24. Bc3+ e5 25. g5 Nf7 26. h4 d4 27. exd4 Nxh4 28.
Qxh4 Nxg5 29. Qh6 Nf7+ 30. Kf2 Nxh6 31. dxe5 Qh4+ 32. Ke2 Rg2+ 33. Kd1 Be6 34.
Kc1 Qg4 {Remainder of both scoresheets illegible but 0-1, 51.} 0-1

[Event "Guernsey Holiday"]
[Site "GCI"]
[Date "2005.10.21"]
[Round "6"]
[White "Kearsley, Raymond J"]
[Black "Biswas, Karl"]
[Result "1/2-1/2"]
[WhiteElo "1608"]
[BlackElo "1680"]
[PlyCount "85"]
[EventDate "2005.10.16"]

1. e4 e5 2. Nf3 Nc6 3. Bb5 a6 4. Ba4 Nf6 5. d4 b5 6. dxe5 Nxe5 7. Nxe5 bxa4 8.
O-O d6 9. Nc4 Be6 10. Qe2 Nxe4 11. Qxe4 d5 12. Qf3 dxc4 13. Qc6+ Bd7 14. Qe4+
Be6 15. Nc3 Rb8 16. Qc6+ Qd7 17. Qxa6 Bb4 18. Rd1 Qe7 19. Qc6+ Bd7 20. Qxc7 Rc8
21. Qg3 Bxc3 22. Qxc3 O-O 23. Bf4 Rfe8 24. Re1 Qf6 25. Be5 Qg6 26. Rad1 Bf5 27.
Re3 Qh5 28. Rde1 f6 29. Bd4 Rxe3 30. Qxe3 Bd7 31. h3 Re8 32. Qc3 Rxe1+ 33. Qxe1
Qd5 34. Bc3 Bc6 35. f3 Kf7 36. Qh4 Qd1+ 37. Kh2 Qe2 38. Qg3 Qe6 39. h4 h5 40.
Qc7+ Qd7 41. Qf4 Qe6 42. Qd4 Qe2 43. Qf4 1/2-1/2

[Event "Guernsey Holiday"]
[Site "GCI"]
[Date "2005.10.21"]
[Round "6"]
[White "Muller, Anton"]
[Black "Brooker, Chris H"]
[Result "0-1"]
[WhiteElo "1560"]
[BlackElo "1700"]
[PlyCount "71"]
[EventDate "2005.10.16"]

1. e4 d5 2. exd5 Qxd5 3. Nc3 Qa5 4. d4 Nf6 5. Nf3 c6 6. Bd2 Qc7 7. Bd3 Bg4 8.
h3 Bh5 9. O-O e6 10. a3 Be7 11. Ne4 Nxe4 12. Bxe4 Nd7 13. c4 Nf6 14. Bc2 Rd8
15. Be3 O-O 16. Qe2 Rd7 17. Rad1 Rfd8 18. Rd2 c5 19. g4 cxd4 20. Nxd4 Bc5 21.
Nb5 Rxd2 22. Bxd2 Qg3+ 23. Kh1 Qxh3+ 24. Kg1 Qxg4+ 25. Qxg4 Bxg4 26. Bc3 a6 27.
Bxf6 gxf6 28. Nc3 Rd2 29. Bxh7+ Kxh7 30. Ne4 Bxf2+ 31. Rxf2 Rxf2 32. Kxf2 Kg6
33. Nd6 b6 34. Nc8 b5 35. c5 Kf5 36. Ke3 {Remaining moves illegible but 0-1,
45.} 0-1

[Event "Guernsey Holiday"]
[Site "GCI"]
[Date "2005.10.21"]
[Round "6"]
[White "Cross, Ian K"]
[Black "Kok, Franciscus"]
[Result "0-1"]
[WhiteElo "1544"]
[BlackElo "1676"]
[PlyCount "60"]
[EventDate "2005.10.16"]

1. e4 c5 2. Nf3 d6 3. d4 cxd4 4. Nxd4 Nc6 5. Nc3 a6 6. Be2 e5 7. Nb3 f5 8. exf5
Bxf5 9. O-O Nf6 10. Bg5 Be7 11. Re1 O-O 12. f4 Kh8 13. fxe5 Nxe5 14. Qd2 Rc8
15. Bf4 Ne4 16. Nxe4 Bxe4 17. c3 Ng6 18. Be3 Nh4 19. g3 Ng2 20. Rf1 Nxe3 21.
Qxe3 Bd5 22. Rxf8+ Qxf8 23. Rf1 Bf6 24. Qf4 Qe7 25. Bd3 Bg5 26. Qf5 Be3+ 27.
Rf2 Bxf2+ 28. Qxf2 Rf8 29. Qd2 Qf7 30. Nd4 Be4 0-1

[Event "Guernsey Holiday"]
[Site "GCI"]
[Date "2005.10.21"]
[Round "6"]
[White "Forbes, Garry"]
[Black "Ince, Darren"]
[Result "1/2-1/2"]
[WhiteElo "1660"]
[BlackElo "1552"]
[PlyCount "33"]
[EventDate "2005.10.16"]

1. d4 d5 2. Nf3 Bg4 3. Ne5 Bf5 4. c4 c6 5. Nc3 e6 6. cxd5 exd5 7. e4 Be6 8.
exd5 Bxd5 9. Nxd5 Qxd5 10. Bc4 Qxg2 11. Qb3 Qxh1+ 12. Ke2 Qe4+ 13. Be3 b5 14.
Bxf7+ Kd8 15. Bxg8 Rxg8 16. Qxg8 Nd7 17. Nxd7 1/2-1/2

[Event "Guernsey Holiday"]
[Site "GCI"]
[Date "2005.10.21"]
[Round "6"]
[White "Nalichowski, Seb"]
[Black "Haisma, Henk"]
[Result "1-0"]
[WhiteElo "1550"]
[BlackElo "1654"]
[PlyCount "119"]
[EventDate "2005.10.16"]

1. e4 c5 2. Nc3 d6 3. f4 e5 4. fxe5 dxe5 5. Nf3 Bd6 6. Bc4 Nf6 7. d3 h6 8. O-O
O-O 9. Nh4 Kh7 10. Nf5 Bxf5 11. Rxf5 Qe7 12. Qf3 Nbd7 13. Qh3 Nb6 14. Bg5 Qd7
15. Bxf6 gxf6 16. Qh4 Be7 17. Bd5 Kg7 18. Qg3+ Kh7 19. Qe3 Kg7 20. Raf1 Rh8 21.
R1f3 Rag8 22. Rh3 Rh7 23. Rfh5 Rgh8 24. Bb3 Qc7 25. Nb5 Qb8 26. c4 a6 27. Nc3
Qd6 28. Bd1 f5 29. Rxf5 Bg5 30. Qf2 f6 31. Bh5 Rd8 32. Rg3 Qe7 33. h4 Rf8 34.
hxg5 hxg5 35. Be2 Rfh8 36. Rh3 Rxh3 37. gxh3 Rxh3 38. Qg2 Rh6 39. Nd5 Nxd5 40.
cxd5 Qd8 41. Qf2 Qh8 42. Bf3 b6 43. Bg2 Qc8 44. b3 Qd7 45. Rf3 Qg4 46. Qg3 Qd7
47. Bh3 Qd8 48. Qg4 Kf7 49. Qd7+ Qxd7 50. Bxd7 Ke7 51. Rh3 Rg6 52. Rh7+ Kf8 53.
Be6 Rg7 54. Rxg7 Kxg7 55. a4 Kf8 56. d6 Ke8 57. Kg2 Kd8 58. Kg3 Ke8 59. Kg4 Kf8
60. Kf5 1-0

[Event "Guernsey Holiday"]
[Site "GCI"]
[Date "2005.10.21"]
[Round "6"]
[White "Bakkes, Frits"]
[Black "Rowe, Oliver"]
[Result "1-0"]
[WhiteElo "1639"]
[BlackElo "1530"]
[PlyCount "67"]
[EventDate "2005.10.16"]

1. d4 e6 2. c4 d5 3. Nf3 Nf6 4. Nc3 Bb4 5. Bd2 O-O 6. e3 c5 7. a3 cxd4 8. Nxd4
Bc5 9. Nf3 d4 10. exd4 Bxd4 11. Nxd4 Qxd4 12. Nb5 Qe5+ 13. Be2 Rd8 14. f4 Qxb2
15. Rb1 Qxd2+ 16. Qxd2 Rxd2 17. Kxd2 Na6 18. Nd6 Nc5 19. Bf3 Rb8 20. Rb5 b6 21.
Rhb1 Ba6 22. Rxc5 Rd8 23. Rc6 Bb7 24. c5 Bxc6 25. Bxc6 bxc5 26. Kc2 Kf8 27. Nc4
Rd4 28. Rb8+ Ke7 29. Rb7+ Kd8 30. Ne5 Rxf4 31. Nxf7+ Kc8 32. Rxa7 Nd5 33. Nd6+
Kd8 34. Rd7# 1-0

[Event "Guernsey Holiday"]
[Site "GCI"]
[Date "2005.10.21"]
[Round "6"]
[White "Smith, Paul"]
[Black "Rietveld, Andre"]
[Result "1-0"]
[WhiteElo "1616"]
[BlackElo "1538"]
[PlyCount "107"]
[EventDate "2005.10.16"]

1. d4 d5 2. c4 c6 3. Nc3 h6 4. Nf3 Nf6 5. e3 Bf5 6. Qb3 Qd7 7. Ne5 Qc7 8. cxd5
e6 9. dxc6 bxc6 10. Bd3 Bxd3 11. Nxd3 Be7 12. Bd2 O-O 13. Rc1 Qd7 14. Ne2 Ne4
15. Bb4 Nd6 16. O-O a5 17. Bxd6 Bxd6 18. Qa4 Ra6 19. Nc5 Bxc5 20. Rxc5 Qb7 21.
b3 Qb4 22. Rc4 Qxa4 23. Rxa4 Nd7 24. Rc1 Rc8 25. Rac4 c5 26. dxc5 Ne5 27. R4c3
Nc6 28. a3 Rd8 29. Kf1 Rd2 30. R3c2 Rd3 31. Nc3 Ra8 32. Rd1 Ne5 33. Ke2 Rxd1
34. Nxd1 Nc6 35. Nb2 Rb8 36. Rc3 Kf8 37. Nc4 Ke7 38. Rd3 f6 39. Nb6 Ne5 40. Rc3
Kd8 41. f4 Nf7 42. Rd3+ Ke8 43. Kd2 g5 44. g3 h5 45. Nd7 Rc8 46. Nxf6+ Ke7 47.
Ne4 g4 48. b4 axb4 49. axb4 Rb8 50. Kc3 Nd8 51. Kc4 Ra8 52. Nc3 Rc8 53. e4 Nc6
54. Rd6 1-0

[Event "Guernsey Holiday"]
[Site "GCI"]
[Date "2005.10.21"]
[Round "6"]
[White "Foster, Paul"]
[Black "Hearty, Ray"]
[Result "1-0"]
[WhiteElo "1608"]
[BlackElo "1479"]
[PlyCount "57"]
[EventDate "2005.10.16"]

1. e4 d5 2. exd5 Nf6 3. d4 Nxd5 4. c4 Nb6 5. Nc3 g6 6. c5 Nd5 7. Bc4 c6 8. Nge2
Bg7 9. Qb3 e6 10. O-O O-O 11. Ne4 b5 12. Bd3 a5 13. a4 b4 14. Bg5 Qc7 15. Nd6
Ba6 16. Bxa6 Rxa6 17. Rad1 Nd7 18. Nf4 N7f6 19. Nxd5 Nxd5 20. Rfe1 Ne7 21. Rxe6
fxe6 22. Qxe6+ Kh8 23. Bxe7 Ra7 24. Bxf8 Bxf8 25. Re1 Qe7 26. Qxe7 Rxe7 27.
Rxe7 Bxe7 28. Nf7+ Kg7 29. Ne5 1-0

[Event "Guernsey Holiday"]
[Site "GCI"]
[Date "2005.10.21"]
[Round "6"]
[White "O'Connor, Jonathan"]
[Black "Van Rooijen, Gerardus C"]
[Result "1-0"]
[WhiteElo "1605"]
[BlackElo "1560"]
[PlyCount "43"]
[EventDate "2005.10.16"]

1. e4 c5 2. d4 cxd4 3. c3 dxc3 4. Bc4 e6 5. Nxc3 Nc6 6. Nf3 a6 7. a3 d6 8. O-O
Be7 9. Qe2 Qc7 10. Rd1 Nf6 11. Bg5 O-O 12. Rac1 Qb8 13. Rd3 b5 14. Bb3 Bb7 15.
Re3 Bd8 16. e5 Bb6 17. exf6 Bxe3 18. Qxe3 g6 19. Bh4 Kh8 20. Qh6 Rg8 21. Ng5
Qf8 22. Qxh7# 1-0

[Event "Guernsey Holiday"]
[Site "GCI"]
[Date "2005.10.21"]
[Round "6"]
[White "Collins, Alan"]
[Black "Harnden, Terry"]
[Result "1-0"]
[WhiteElo "1528"]
[BlackElo "1505"]
[PlyCount "79"]
[EventDate "2005.10.16"]

1. d4 Nf6 2. c4 e6 3. Nc3 Bb4 4. f3 O-O 5. a3 Bxc3+ 6. bxc3 Na6 7. Bg5 c6 8. e4
Qa5 9. Qd2 d5 10. Bd3 dxe4 11. fxe4 e5 12. Ne2 Nc7 13. Bxf6 gxf6 14. d5 Ne8 15.
O-O Qd8 16. Ng3 Kh8 17. Be2 Rg8 18. Rf2 Bg4 19. Raf1 Bxe2 20. Qxe2 Rg6 21. Nh5
cxd5 22. cxd5 Qb6 23. Qb2 Qa6 24. Qb4 Kg8 25. c4 Qb6 26. c5 Qxb4 27. axb4 Rd8
28. Nxf6+ Nxf6 29. Rxf6 Rd7 30. R6f5 f6 31. Rxf6 Rxf6 32. Rxf6 Rf7 33. Rxf7
Kxf7 34. Kf2 Ke7 35. Kg3 b6 36. cxb6 axb6 37. Kg4 Kf6 38. Kh5 Kg7 39. g4 b5 40.
h3 1-0

[Event "Guernsey Holiday"]
[Site "GCI"]
[Date "2005.10.21"]
[Round "6"]
[White "Boogaard, Leen"]
[Black "Newrick, William R"]
[Result "1/2-1/2"]
[WhiteElo "1570"]
[BlackElo "1400"]
[PlyCount "66"]
[EventDate "2005.10.16"]

1. e4 d5 2. exd5 Nf6 3. Nf3 Nxd5 4. d3 Bg4 5. Be2 e6 6. c3 Nf6 7. Bg5 c6 8.
Nbd2 Be7 9. d4 Nbd7 10. O-O h6 11. Bxf6 Nxf6 12. Ne5 Bxe2 13. Qxe2 O-O 14. Ndf3
Nd5 15. Ng4 Nf4 16. Qc2 h5 17. Nge5 h4 18. Nd3 Bd6 19. Nxf4 Bxf4 20. Qe4 Qf6
21. g3 hxg3 22. fxg3 Bd6 23. Nd2 Qe7 24. Qg2 Rac8 25. Rf3 c5 26. dxc5 Bxc5+ 27.
Kh1 Qc7 28. Ne4 b6 29. Qh3 Be7 30. Raf1 Qb7 31. Re1 Rc4 32. Nd2 Rcc8 33. Qg2
Qc6 1/2-1/2

[Event "Guernsey Holiday"]
[Site "GCI"]
[Date "2005.10.21"]
[Round "6"]
[White "Collier, Michael J"]
[Black "Herschmann, Heinz"]
[Result "1-0"]
[WhiteElo "1520"]
[BlackElo "1328"]
[PlyCount "109"]
[EventDate "2005.10.16"]

1. d4 d5 2. c4 e6 3. Nc3 dxc4 4. e3 Nf6 5. Bxc4 Be7 6. Nf3 Bd7 7. Bd2 Bc6 8.
Ne5 Bd5 9. Bxd5 Nxd5 10. Rc1 Nb6 11. Qf3 O-O 12. Qxb7 N8d7 13. Nc6 Qe8 14. Qxc7
Bf6 15. Qg3 Nb8 16. Nxb8 Qxb8 17. Qxb8 Raxb8 18. O-O Nc4 19. Rc2 Rxb2 20. Rxb2
Nxb2 21. Rb1 Nc4 22. Be1 a6 23. Kf1 g6 24. Ne4 Kg7 25. Nxf6 Kxf6 26. Rb4 Rc8
27. Ra4 Rc6 28. Bb4 Nb2 29. Ra3 Nc4 30. Rb3 a5 31. Bc3 Ke7 32. Ke2 Kd7 33. Kd3
Nd6 34. e4 a4 35. Rb4 Ra6 36. e5 Nc8 37. Rb7+ Ke8 38. Rc7 Ne7 39. g3 Nd5 40.
Rb7 Rc6 41. Bb4 Nxb4+ 42. Rxb4 Ra6 43. Ke4 Ra7 44. f4 h5 45. h3 Ke7 46. g4 hxg4
47. hxg4 Ra5 48. f5 gxf5+ 49. gxf5 exf5+ 50. Kxf5 Ra6 51. d5 Kd7 52. d6 Ra7 53.
Kf6 Kc8 54. Rh4 Rd7 55. Rh7 1-0

[Event "Guernsey Holiday"]
[Site "GCI"]
[Date "2005.10.21"]
[Round "6"]
[White "Dokter, Marike"]
[Black "Woodward, Pauline"]
[Result "1-0"]
[WhiteElo "1416"]
[BlackElo "1296"]
[PlyCount "93"]
[EventDate "2005.10.16"]

1. e4 d6 2. d4 Nf6 3. Nc3 g6 4. Bc4 Bg7 5. f3 O-O 6. Be3 Nbd7 7. Nge2 c5 8. a4
cxd4 9. Nxd4 Ne5 10. Ba2 Bd7 11. Qc1 Rc8 12. O-O Nc4 13. Bxc4 Rxc4 14. Ndb5 a6
15. Nd4 Re8 16. Rd1 Qb8 17. a5 Rec8 18. Nd5 Nxd5 19. exd5 e5 20. dxe6 fxe6 21.
c3 d5 22. f4 Rf8 23. Qd2 Rf6 24. g3 Bf8 25. b3 Rc8 26. Nf3 Bc6 27. Bd4 Rf5 28.
Qe2 Re8 29. Re1 Qc8 30. Ne5 Bb5 31. Qg4 Bc5 32. Qd1 Rh5 33. Ng4 Rf8 34. Bxc5
Qxc5+ 35. Qd4 Qxd4+ 36. cxd4 Bd7 37. Rac1 Bc8 38. Rc7 g5 39. Rec1 gxf4 40. Rxc8
Kg7 41. Rxf8 Kxf8 42. gxf4 Rf5 43. Rf1 Kg7 44. Kg2 h5 45. Ne5 Rf8 46. Nd7 Rc8
47. Nc5 1-0

[Event "Guernsey Holiday"]
[Site "GCI"]
[Date "2005.10.21"]
[Round "6"]
[White "Cox, Reginald E"]
[Black "Le Maitre, Richard"]
[Result "1-0"]
[WhiteElo "1120"]
[BlackElo "1420"]
[PlyCount "85"]
[EventDate "2005.10.16"]

1. d4 Nf6 2. c4 d6 3. Nf3 h6 4. Nc3 Bg4 5. e4 a6 6. Be2 Nbd7 7. h3 Bxf3 8. Bxf3
e5 9. d5 Be7 10. O-O Rb8 11. Rb1 Nh7 12. Be3 Bg5 13. Qd2 Bxe3 14. Qxe3 Qf6 15.
Bg4 Nb6 16. b3 O-O 17. f4 Qe7 18. f5 Nd7 19. Rf2 Ndf6 20. Be2 Ng5 21. g4 Ngh7
22. Rbf1 Nd7 23. Rh2 Qg5 24. Qxg5 Nxg5 25. h4 Nh7 26. Rff2 f6 27. Rfg2 Kh8 28.
Bf3 Nc5 29. Be2 Rbc8 30. Bf1 Rg8 31. g5 h5 32. g6 Nf8 33. Be2 Nfd7 34. Bxh5 Nd3
35. Bf3 N7c5 36. h5 Ne1 37. Rg3 Nxf3+ 38. Rxf3 c6 39. h6 gxh6 40. Rxh6+ Kg7 41.
Rh7+ Kf8 42. Rg3 Rc7 43. Rxc7 1-0

[Event "Guernsey Holiday"]
[Site "GCI"]
[Date "2005.10.21"]
[Round "6"]
[White "Stoop, Michael"]
[Black "Holcombe, Charles"]
[Result "0-1"]
[WhiteElo "1208"]
[BlackElo "1368"]
[PlyCount "93"]
[EventDate "2005.10.16"]

1. d4 Nf6 2. Nf3 d5 3. e3 h6 4. Bd3 Bg4 5. c4 e6 6. Qb3 Bxf3 7. gxf3 b6 8. Nc3
c6 9. Bd2 Na6 10. c5 Nb4 11. Qxb4 bxc5 12. dxc5 Be7 13. Qa4 Qc7 14. b4 Nd7 15.
Ke2 O-O 16. Rag1 a5 17. b5 Nxc5 18. Qg4 Bf6 19. e4 g5 20. h4 Nxd3 21. Kxd3
dxe4+ 22. Qxe4 Rfd8+ 23. Ke2 Rxd2+ 24. Kxd2 Rd8+ 25. Ke2 Bxc3 26. Rxg5+ hxg5
27. hxg5 Rd2+ 28. Kf1 Rd1+ 29. Kg2 Rxh1 30. Kxh1 cxb5 31. g6 Bf6 32. gxf7+ Qxf7
33. Qa8+ Kg7 34. Qxa5 Qh5+ 35. Kg2 Qc5 36. a4 Qg5+ 37. Kf1 Qc1+ 38. Kg2 Qg5+
39. Kf1 bxa4 40. Qxa4 Qc1+ 41. Kg2 Qg5+ 42. Kf1 Qd5 43. Qg4+ Kf7 44. Qe4 Qd1+
45. Kg2 Qd5 46. Kf1 Qb5+ 47. Kg2 {Remaining moves illegible but 0-1, 56.} 0-1

[Event "Guernsey Holiday"]
[Site "GCI"]
[Date "2005.10.22"]
[Round "7"]
[White "Kershaw, Graham J"]
[Black "Kearsley, Raymond J"]
[Result "1-0"]
[WhiteElo "1552"]
[BlackElo "1608"]
[PlyCount "73"]
[EventDate "2005.10.16"]

1. e4 d5 2. exd5 Nf6 3. d4 Nxd5 4. Nf3 g6 5. Bc4 Nb6 6. Bb3 Bg7 7. c3 O-O 8.
Bg5 c6 9. O-O h6 10. Bh4 N8d7 11. Re1 Nf6 12. Nbd2 Bf5 13. Nf1 Nbd5 14. Ne3
Nxe3 15. Rxe3 g5 16. Bg3 e6 17. h3 Qb6 18. Ne5 Rfd8 19. Nc4 Qa6 20. Nd6 Nd5 21.
Nxf5 exf5 22. Bxd5 Rxd5 23. f4 c5 24. Qf3 Qc6 25. dxc5 Qxc5 26. Bf2 Qd6 27.
fxg5 hxg5 28. Rae1 Bf6 29. Qh5 Qf8 30. h4 g4 31. c4 Rc5 32. b4 Rxc4 33. Qxf5
Kg7 34. Re4 Rxe4 35. Rxe4 Qd6 36. Rxg4+ Kf8 37. Bc5 1-0

[Event "Guernsey Holiday"]
[Site "GCI"]
[Date "2005.10.22"]
[Round "7"]
[White "Brooker, Chris H"]
[Black "Biswas, Karl"]
[Result "1-0"]
[WhiteElo "1700"]
[BlackElo "1680"]
[PlyCount "155"]
[EventDate "2005.10.16"]

1. f4 e5 2. fxe5 d6 3. exd6 Bxd6 4. Nf3 Nc6 5. d4 Bg4 6. g3 Bxf3 7. exf3 Nxd4
8. Bd3 Qf6 9. O-O O-O-O 10. Nd2 Ne6 11. Ne4 Qd4+ 12. Kg2 Bb4 13. Qe2 Nf6 14.
Be3 Qxb2 15. Rab1 Qa3 16. Rb3 Qa5 17. Nxf6 gxf6 18. Rfb1 Bd6 19. Rxb7 Bc5 20.
R1b5 Qc3 21. Rb8+ Kd7 22. Rxd8+ Rxd8 23. Bxc5 Nxc5 24. Qe3 Nxd3 25. Qxd3+ Qxd3
26. cxd3 Kc6 27. Rb3 Rd5 28. Kf2 Rc5 29. Rb2 Re5 30. f4 Re6 31. Rb8 f5 32. Ra8
Kb6 33. Rg8 Rg6 34. Rf8 Rf6 35. Ke3 Kc5 36. d4+ Kd5 37. Rd8+ Rd6 38. Rc8 Rc6
39. Kd3 Ra6 40. Rxc7 Ra3+ 41. Rc3 Rxa2 42. Rc5+ Ke6 43. Re5+ Kd6 44. Rxf5 Rxh2
45. Rxf7 a5 46. Ra7 Rh3 47. Rxa5 Rxg3+ 48. Ke4 Rh3 49. Ra6+ Kd7 50. f5 Rh1 51.
Kd5 Rh5 52. Ra7+ Kd8 53. Ke6 Rh1 54. d5 Re1+ 55. Kd6 Ke8 56. Rxh7 Rf1 57. Rh5
Rf2 58. Ke6 Re2+ 59. Kf6 Rd2 60. Ke6 Re2+ 61. Kd6 Rf2 62. Rh8+ Kf7 63. Kd7 Rxf5
64. d6 Rf1 65. Re8 Rd1 66. Re7+ Kf8 67. Re5 Rf1 68. Kd8 Kf7 69. d7 Rd1 70. Re7+
Kf8 71. Re4 Kf7 72. Rf4+ Kg7 73. Ke8 Re1+ 74. Kd8 Rd1 75. Ke7 Re1+ 76. Kd6 Rd1+
77. Ke6 Re1+ 78. Kd5 1-0

[Event "Guernsey Holiday"]
[Site "GCI"]
[Date "2005.10.22"]
[Round "7"]
[White "Kok, Franciscus"]
[Black "Carlucci, Paul A"]
[Result "0-1"]
[WhiteElo "1676"]
[BlackElo "1744"]
[PlyCount "64"]
[EventDate "2005.10.16"]

1. d4 Nf6 2. c4 e6 3. Nf3 Be7 4. Nc3 O-O 5. e3 b6 6. Be2 Bb7 7. O-O d5 8. Ne5
Nbd7 9. Nxd7 Qxd7 10. Bf3 Ne4 11. cxd5 exd5 12. Nxe4 dxe4 13. Be2 Bd6 14. f4 f5
15. g4 Qe7 16. g5 c5 17. Bc4+ Kh8 18. a3 cxd4 19. Qxd4 Rfd8 20. Qc3 Rac8 21.
Qb3 Bc5 22. Qa2 a5 23. Rb1 Rd3 24. Re1 Qc7 25. Kg2 Rcd8 26. b4 axb4 27. axb4
Be7 28. Re2 Bxg5 29. fxg5 f4 30. exf4 Qd7 31. Kf1 Qh3+ 32. Rg2 Rd1+ 0-1

[Event "Guernsey Holiday"]
[Site "GCI"]
[Date "2005.10.22"]
[Round "7"]
[White "Nalichowski, Seb"]
[Black "Bakkes, Frits"]
[Result "0-1"]
[WhiteElo "1550"]
[BlackElo "1639"]
[PlyCount "152"]
[EventDate "2005.10.16"]

1. e4 c5 2. Nc3 Nc6 3. Nf3 d6 4. g3 Nf6 5. Bg2 Bg4 6. h3 Bxf3 7. Qxf3 e6 8. Qe3
Rb8 9. d3 Nd4 10. Qd2 b5 11. Ne2 Qc7 12. O-O b4 13. c3 Nc6 14. Qc2 Be7 15. Bd2
a5 16. Rfc1 O-O 17. d4 c4 18. cxb4 Nxb4 19. Qxc4 Qxc4 20. Rxc4 d5 21. exd5 exd5
22. Rc7 Bd8 23. Rc3 Ne4 24. Bxe4 dxe4 25. Rb3 Bf6 26. a3 Nc2 27. Rxb8 Rxb8 28.
Rc1 Rxb2 29. Bxa5 g6 30. Bc3 Ra2 31. a4 Bg5 32. Nf4 Bxf4 33. gxf4 Kf8 34. a5
Na3 35. Ra1 Rxa1+ 36. Bxa1 Ke8 37. Kf1 Kd7 38. Ke2 Kc6 39. Kd2 Nc4+ 40. Kc2
Nxa5 41. Bc3 Nc4 42. Kb3 Kd5 43. Kc2 Nd6 44. Bb4 Nb5 45. Bc5 Nxd4+ 46. Bxd4
Kxd4 47. Kd2 h5 48. Ke2 f5 49. h4 Kd5 50. Ke3 Kc4 51. Ke2 Kc3 52. Ke3 Kc2 53.
Ke2 Kc1 54. Ke1 Kc2 55. Ke2 Kc3 56. Ke3 Kc4 57. Ke2 Kd4 58. Kd2 Kc4 59. Kc2 Kb4
60. Kb2 Kb5 61. Kc3 Kc5 62. Kd2 Kc4 63. Ke3 Kc3 64. Ke2 Kc2 65. Ke3 Kd1 66. Kd4
Ke2 67. Ke5 Kxf2 68. Kf6 e3 69. Kxg6 e2 70. Kxh5 e1=Q 71. Kg5 Qe6 72. h5 Kg3
73. h6 Qd6 74. Kxf5 Qxf4+ 75. Kg6 Kg4 76. h7 Qf8 0-1

[Event "Guernsey Holiday"]
[Site "GCI"]
[Date "2005.10.22"]
[Round "7"]
[White "Smith, Paul"]
[Black "Foster, Paul"]
[Result "1-0"]
[WhiteElo "1616"]
[BlackElo "1608"]
[PlyCount "87"]
[EventDate "2005.10.16"]

1. d4 Nf6 2. c4 e6 3. Nc3 Bb4 4. Bd2 c5 5. e3 Nc6 6. Nf3 O-O 7. Be2 d6 8. O-O
cxd4 9. exd4 Bxc3 10. Bxc3 Ne4 11. Qc2 f5 12. Rfd1 Qb6 13. a3 a5 14. Be1 Bd7
15. b3 Rac8 16. Qb2 d5 17. c5 Qc7 18. b4 b6 19. b5 Nd8 20. c6 Nxc6 21. bxc6
Bxc6 22. Rdc1 Qa7 23. Ne5 Ba4 24. Bb5 Bxb5 25. Qxb5 Nd6 26. Qd7 Qxd7 27. Nxd7
Rxc1 28. Rxc1 Rc8 29. Rxc8+ Nxc8 30. Bd2 Kf7 31. Kf1 Ke7 32. Ne5 h6 33. Ke2 Nd6
34. f3 g5 35. h4 Kf6 36. hxg5+ hxg5 37. Nd7+ Kg6 38. Nxb6 g4 39. Bxa5 Nb5 40.
Kd3 Nxa3 41. Bd2 gxf3 42. gxf3 Nc4 43. Nxc4 dxc4+ 44. Kxc4 1-0

[Event "Guernsey Holiday"]
[Site "GCI"]
[Date "2005.10.22"]
[Round "7"]
[White "Ince, Darren"]
[Black "O'Connor, Jonathan"]
[Result "1-0"]
[WhiteElo "1552"]
[BlackElo "1605"]
[PlyCount "95"]
[EventDate "2005.10.16"]

1. d4 c5 2. e3 e5 3. dxe5 Nc6 4. Nf3 a6 5. Nc3 d6 6. exd6 f5 7. b3 Bxd6 8. Bb2
Nf6 9. Be2 O-O {(=)} 10. Bc4+ Kh8 11. Ng5 Ne5 12. Ne6 Bxe6 13. Bxe6 Qe7 14.
Bxf5 Rad8 15. Qe2 Qf7 16. Ne4 Nxe4 17. Bxe4 Ng4 18. O-O-O Nf6 19. Bd3 b5 {(=)}
20. g4 c4 21. bxc4 bxc4 22. Bxc4 Qb7 23. Bxa6 Qb6 24. Bc4 Rb8 25. Bb3 Ne4 26.
f4 Nc5 27. Qc4 Nxb3+ 28. Qxb3 Qa7 29. Qc3 Bb4 30. Qd4 Bc5 31. Qxg7+ Qxg7 32.
Bxg7+ Kxg7 33. Rd7+ Rf7 {(=)} 34. Rxf7+ Kxf7 35. Kd2 Rb2 36. Ra1 Bb4+ 37. Kd3
Bc5 38. a4 Ke6 39. a5 Rb7 40. a6 Rd7+ 41. Ke4 h6 42. a7 Bxa7 43. Ra6+ Kf7 44.
Rxh6 Re7+ 45. Kf5 Bxe3 46. Rh7+ Kf8 47. Rxe7 Kxe7 48. g5 1-0

[Event "Guernsey Holiday"]
[Site "GCI"]
[Date "2005.10.22"]
[Round "7"]
[White "Collins, Alan"]
[Black "Muller, Anton"]
[Result "0-1"]
[WhiteElo "1528"]
[BlackElo "1560"]
[PlyCount "55"]
[EventDate "2005.10.16"]

1. d4 Nf6 2. c4 g6 3. Nc3 d5 4. cxd5 Nxd5 5. e4 Nxc3 6. bxc3 Bg7 7. Be3 O-O 8.
Bc4 c5 9. Ne2 Nc6 10. O-O Bd7 11. Rb1 Na5 12. Bd3 Rc8 13. Qd2 b6 14. Ba6 Rc7
15. dxc5 bxc5 16. c4 Rc6 17. Bb5 Rd6 18. Qc2 Qc7 19. Bxd7 Rxd7 20. Rb5 Nb7 21.
Rfb1 Qc6 22. f3 Rfd8 23. Qb3 Rd3 24. Rxb7 Rxb3 25. R7xb3 h5 26. Kf1 Bd4 27. Bc1
Qa4 28. Ra3 0-1

[Event "Guernsey Holiday"]
[Site "GCI"]
[Date "2005.10.22"]
[Round "7"]
[White "Rowe, Oliver"]
[Black "Cross, Ian K"]
[Result "0-1"]
[WhiteElo "1530"]
[BlackElo "1544"]
[PlyCount "40"]
[EventDate "2005.10.16"]

1. e4 e6 2. d4 d5 3. exd5 exd5 4. c4 Nf6 5. Nc3 Nc6 6. Nf3 Bb4 7. a3 Bxc3+ 8.
bxc3 O-O 9. h3 Re8+ 10. Be3 Ne4 11. Qb3 Na5 12. Qb4 Nxc4 13. Bxc4 dxc4 14. Qxc4
Be6 15. Qd3 Qd5 16. c4 Qxc4 17. Qxe4 Qc3+ 18. Nd2 Qxa1+ 19. Nb1 Ba2 20. O-O
Rxe4 0-1